| 000 | 00410 a2200133 4500 | ||
|---|---|---|---|
| 001 | 91519 | ||
| 082 | _aPR 1493 | ||
| 090 |
_c43653 _d43652 |
||
| 100 | _aAmer Ali; Shehzd Muhammad Khan and Irfan Shafique, Advisors | ||
| 245 |
_aTo Impot the Atlas Test Program from Pegamat Test System into a Personal Computer _n56 "B" EC |
||
| 260 |
_aRawalpindi _bNUST _c2002 |
||
| 300 | _a63p | ||
| 500 | _aBE Project Reports | ||
| 942 |
_aCAE NUST _kPR 1493 |
||
| 999 |
_c326592 _d326592 |
||